Statistics for Smallest U.S. Capitals as a Percentage of their State

Click here to take the quiz!

General Stats

  • This quiz has been taken 65 times
  • The average score is 7 of 10

Answer Stats

PercentageState Capital% Correct
0.50%Albany
87%
0.93%Tallahassee
83%
0.38%Harrisburg
77%
0.70%Olympia
77%
1.17%Lansing
77%
0.90%Springfield
72%
0.71%Jefferson City
70%
0.66%Annapolis
68%
0.63%Frankfort
63%
0.94%Trenton
60%

Score Distribution

Percentile by Number Answered

Percent of People with Each Score

Your Score History

You have not taken this quiz